[Event "Paracin Summer op-B 11th"]
[Site "Paracin"]
[Date "2018.07.07"]
[Round "2"]
[White "Adzic, Mitar"]
[Black "Velikic, Vule"]
[Result "1-0"]
[WhiteElo "1970"]
[BlackElo "1802"]
[PlyCount "37"]
[EventDate "2018.07.06"]
[EventType "swiss"]
[EventRounds "9"]
[EventCountry "SRB"]
[SourceTitle "EXT 2019"]
[Source "ChessBase"]
[SourceDate "2018.10.10"]
[SourceVersion "1"]
[SourceVersionDate "2018.10.10"]
[SourceQuality "1"]

1. e4 c6 2. d4 d5 3. Nc3 dxe4 4. Nxe4 Nd7 5. Nf3 Ngf6 6. Ng3 g6 7. Bc4 Bg7 8. 0-0 0-0 9. Re1 Nb6 10. Bb3 Qc7 11. a4 a5 12. Ne5 Nfd7 13. Bf4 Nxe5 14. Bxe5 Bxe5 15. dxe5 Qd7 16. Qc1 Qg4 17. Re4 Qd7 18. Qh6 e6 19. Rh4 1-0

[Event "SRB-chT3 East playoff"]
[Site "Serbia"]
[Date "2017.10.15"]
[Round "1.15"]
[White "Velikic, Vule"]
[Black "Brankovan, Mario"]
[Result "0-1"]
[WhiteElo "1804"]
[BlackElo "1877"]
[PlyCount "112"]
[EventDate "2017.10.15"]
[EventType "team-match"]
[EventRounds "1"]
[EventCountry "SRB"]
[SourceTitle "EXT 2022"]
[Source "ChessBase"]
[SourceDate "2021.10.06"]
[SourceVersion "1"]
[SourceVersionDate "2021.10.06"]
[SourceQuality "1"]

1. d4 Nf6 2. Nf3 b6 3. g3 Bb7 4. Bg2 e6 5. 0-0 d5 6. Ne5 Be7 7. c4 0-0 8. Nc3 Qc8 9. Bg5 dxc4 10. Nxc4 Bxg2 11. Kxg2 Rd8 12. Ne5 c5 13. e3 cxd4 14. exd4 Nc6 15. Nxc6 Qxc6+ 16. Kg1 h6 17. Be3 Rd7 18. Qb3 Rad8 19. Rac1 Qf3 20. Qd1 Qf5 21. Qe2 Qh3 22. f3 Qf5 23. Kg2 Bd6 24. Qc2 Qa5 25. Qb3 Qa6 26. Rf2 Qb7 27. Kg1 Bb8 28. Rcf1 a6 29. a3 Nd5 30. Nxd5 Rxd5 31. Qc2 b5 32. Rc1 e5 33. dxe5 Bxe5 34. Qc6 Qb8 35. f4 R5d6 36. Qg2 Bf6 37. Rcf1 Rd3 38. Re2 Bxb2 39. Rxb2 Rxe3 40. a4 b4 41. Qc6 Qa7 42. Kg2 a5 43. Rc1 Qd4 44. Rbb1 Re2+ 45. Kh3 Qd2 46. Rh1 Qd3 47. Qc5 Qd7+ 48. f5 Qb7 49. Rbg1 Qf3 50. f6 Qxf6 51. Rf1 Qe6+ 52. Qf5 Qd5 53. Rhg1 Re5 54. Qf3 Rh5+ 55. Kg2 Qxf3+ 56. Rxf3 Rd2+ 0-1

[Event "SRB-chT3 East"]
[Site "Serbia"]
[Date "2017.10.14"]
[Round "9.5"]
[White "Miljkovic, Milan A"]
[Black "Velikic, Vule"]
[Result "1/2-1/2"]
[WhiteElo "1899"]
[BlackElo "1804"]
[PlyCount "49"]
[EventDate "2017.09.03"]
[EventType "team-tourn"]
[EventRounds "11"]
[EventCountry "SRB"]
[SourceTitle "EXT 2022"]
[Source "ChessBase"]
[SourceDate "2021.10.06"]
[SourceVersion "1"]
[SourceVersionDate "2021.10.06"]
[SourceQuality "1"]

1. e4 c6 2. d4 d5 3. Nc3 dxe4 4. Nxe4 Nd7 5. Nf3 Ngf6 6. Nxf6+ Nxf6 7. h3 g6 8. Bd3 Bg7 9. 0-0 0-0 10. c3 Qc7 11. Bg5 Be6 12. Qd2 Rad8 13. Bh6 c5 14. Bxg7 Kxg7 15. Qe2 a6 16. Rfe1 Rfe8 17. a3 c4 18. Bc2 Bd5 19. Ne5 Rd6 20. f3 Re6 21. Qd2 Rb6 22. Rab1 Rd6 23. Be4 Nd7 24. Nxd7 Rxd7 25. Bxd5 1/2-1/2

[Event "SRB-chT3 East"]
[Site "Serbia"]
[Date "2017.10.14"]
[Round "10.4"]
[White "Velikic, Vule"]
[Black "Stojanovic, Sreten"]
[Result "0-1"]
[WhiteElo "1804"]
[BlackElo "2065"]
[PlyCount "95"]
[EventDate "2017.09.03"]
[EventType "team-tourn"]
[EventRounds "11"]
[EventCountry "SRB"]
[SourceTitle "EXT 2022"]
[Source "ChessBase"]
[SourceDate "2021.10.06"]
[SourceVersion "1"]
[SourceVersionDate "2021.10.06"]
[SourceQuality "1"]

1. d4 d5 2. c4 c6 3. Nc3 Nf6 4. e3 Qa5 5. Bd3 dxc4 6. Bxc4 b5 7. Bd3 Na6 8. Bd2 Qb6 9. Ne4 Nd5 10. Rc1 e6 11. Nf3 f6 12. 0-0 Be7 13. Nc3 Bd7 14. e4 Nxc3 15. bxc3 0-0 16. Rb1 Nc7 17. Be3 Qb7 18. Nd2 a6 19. a4 Qc8 20. a5 Ne8 21. Nb3 Nd6 22. Qe2 Nb7 23. f4 Bd8 24. Ra1 Bc7 25. Rf3 e5 26. f5 Be8 27. c4 Bf7 28. Qc2 Qd8 29. Qc3 Kh8 30. d5 cxd5 31. cxd5 Rc8 32. Qe1 Bd6 33. Bd2 Nc5 34. Nxc5 Bxc5+ 35. Be3 Qd6 36. Rh3 Bxe3+ 37. Rxe3 Qc5 38. Kh1 Qd4 39. Bf1 Rfd8 40. g4 Rc2 41. Rd3 Qb2 42. Rad1 Rxh2+ 43. Kg1 Rc2 44. R3d2 Rxd2 45. Qxd2 Qa3 46. Kg2 h5 47. Be2 b4 48. Bd3 0-1

[Event "SRB-chT2 East CS play out"]
[Site "Kragujevac"]
[Date "2016.10.09"]
[Round "1.1"]
[White "Velikic, Vule"]
[Black "Blagojevic, Vladan"]
[Result "1/2-1/2"]
[WhiteElo "1789"]
[BlackElo "2112"]
[PlyCount "64"]
[EventDate "2016.10.09"]
[EventType "team-match"]
[EventRounds "1"]
[EventCountry "SRB"]
[SourceTitle "EXT 2021"]
[Source "ChessBase"]
[SourceDate "2020.10.23"]
[SourceVersion "1"]
[SourceVersionDate "2020.10.23"]
[SourceQuality "1"]

1. d4 Nf6 2. Nf3 g6 3. c4 Bg7 4. Nc3 d6 5. e3 0-0 6. Be2 c6 7. 0-0 Nbd7 8. Qc2 Qc7 9. b3 e5 10. e4 exd4 11. Nxd4 Re8 12. Be3 Nc5 13. f3 a6 14. Rac1 Ne6 15. Rfd1 Nxd4 16. Bxd4 Be6 17. Na4 c5 18. Be3 Nd7 19. Qd2 Bf8 20. Nc3 Rad8 21. Bg5 Rc8 22. Bh4 Ne5 23. Bg3 Rcd8 24. Bf1 Rd7 25. Ne2 Nc6 26. Bf2 Bg7 27. g3 f5 28. exf5 Bxf5 29. Nc3 Nd4 30. Bg2 Be6 31. f4 h6 32. Re1 Rde7 1/2-1/2

[Event "SRB-chT2 East CS"]
[Site "Kragujevac"]
[Date "2016.10.08"]
[Round "9.3"]
[White "Dimitrijevic, Dusan"]
[Black "Velikic, Vule"]
[Result "1-0"]
[WhiteElo "2137"]
[BlackElo "1789"]
[PlyCount "101"]
[EventDate "2016.08.26"]
[EventType "team-tourn"]
[EventRounds "11"]
[EventCountry "SRB"]
[SourceTitle "EXT 2021"]
[Source "ChessBase"]
[SourceDate "2020.10.23"]
[SourceVersion "1"]
[SourceVersionDate "2020.10.23"]
[SourceQuality "1"]

1. e4 c6 2. d4 d5 3. Nc3 dxe4 4. Nxe4 Nd7 5. Nf3 Ngf6 6. Ng3 g6 7. Bd3 Bg7 8. Bg5 Qa5+ 9. c3 h6 10. Bd2 Qc7 11. Qc1 b6 12. Bf4 Qd8 13. 0-0 Nd5 14. Bd2 Bb7 15. c4 N5f6 16. Re1 e6 17. Bf4 Qe7 18. Rb1 g5 19. Nf5 Qf8 20. Nd6+ Ke7 21. Bg3 Nh5 22. Nxb7 Nxg3 23. c5 bxc5 24. hxg3 g4 25. Ne5 Bxe5 26. dxe5 Qg7 27. Qe3 h5 28. Nxc5 Nb6 29. Ne4 Qxe5 30. Rbc1 Rac8 31. Qc5+ Qxc5 32. Rxc5 Rhd8 33. Ba6 Rc7 34. Rxh5 Rd4 35. b3 Nd5 36. Nc5 Rd2 37. Rh7 Kf8 38. a4 Kg8 39. Rh4 Nf6 40. Ne4 Nxe4 41. Rxe4 Rd1+ 42. Kh2 Rcd7 43. Rhxg4+ Kf8 44. Rgf4 Rc1 45. Rxe6 Rdd1 46. g4 Rh1+ 47. Kg3 Rc3+ 48. f3 Rxb3 49. Ref6 Rb2 50. Rxf7+ Ke8 51. Rxa7 1-0

[Event "Paracin-ch"]
[Site "Paracin"]
[Date "2016.01.24"]
[Round "9"]
[White "Velikic, Vule"]
[Black "Djokic, Slavoljub"]
[Result "0-1"]
[WhiteElo "1753"]
[BlackElo "2170"]
[PlyCount "35"]
[EventDate "2016.01.19"]
[EventType "swiss"]
[EventRounds "9"]
[EventCountry "SRB"]
[SourceTitle "CBM 170 Extra"]
[Source "ChessBase"]
[SourceDate "2016.02.25"]
[SourceVersion "1"]
[SourceVersionDate "2016.02.25"]
[SourceQuality "1"]

1. d4 c5 2. Nf3 Nf6 3. Nc3 cxd4 4. Nxd4 g6 5. e4 d6 6. Be2 Bg7 7. 0-0 0-0 8. Be3 Nc6 9. f4 Qb6 10. Na4 Qa5 11. Nc3 Qb4 12. Ndb5 Nxe4 13. Nd5 Qxb2 14. c3 a6 15. Nbc7 Rb8 16. Rb1 Nxc3 17. Nxc3 Qxc3 18. Ba7 0-1

[Event "Paracin"]
[Site "Paracin"]
[Date "2015.11.29"]
[Round "2"]
[White "Brankovic, Slavoljub"]
[Black "Velikic, Vule"]
[Result "1-0"]
[WhiteElo "1745"]
[BlackElo "1757"]
[PlyCount "135"]
[EventDate "2015.11.29"]
[EventType "tourn"]
[EventRounds "9"]
[EventCountry "SRB"]
[SourceTitle "CBM 170 Extra"]
[Source "ChessBase"]
[SourceDate "2016.02.25"]
[SourceVersion "1"]
[SourceVersionDate "2016.02.25"]
[SourceQuality "1"]

1. c4 Nf6 2. Nc3 c5 3. Nf3 Nc6 4. g3 e6 5. Bg2 d5 6. cxd5 exd5 7. d4 Be6 8. Bg5 Be7 9. dxc5 d4 10. Nb1 Qa5+ 11. Nbd2 Qxc5 12. 0-0 Rd8 13. a3 h6 14. Rc1 Qb6 15. Bxf6 Bxf6 16. b4 g6 17. Ne4 Bg7 18. Nc5 a6 19. Qc2 Bf5 20. Qb3 0-0 21. Rfd1 Qc7 22. Nh4 Bg4 23. Nxg6 Rfe8 24. Nf4 Bxe2 25. Nxe2 Rxe2 26. Nxa6 Qd6 27. Nc5 Ne5 28. Nxb7 Qf6 29. Rf1 Re8 30. Nc5 Qf5 31. Rcd1 Ng6 32. Nd3 h5 33. Qd5 Qc8 34. Qxh5 Qc2 35. Bf3 R2e7 36. Qg5 Ne5 37. Nxe5 Rxe5 38. Qd2 Qf5 39. Bc6 R8e7 40. b5 Qh3 41. f4 R5e6 42. Qg2 Qg4 43. Rde1 Re3 44. Rxe3 dxe3 45. Bf3 Qf5 46. Qe2 Bd4 47. Rd1 Qc5 48. a4 Ra7 49. Qd3 e2+ 50. Kg2 exd1Q 51. Bxd1 Qb4 52. Bf3 Rxa4 53. Bc6 Qc5 54. Qe2 Ra1 55. Qg4+ Bg7 56. Qc8+ Qf8 57. Qg4 Qb8 58. h4 Ra7 59. Kh3 Qd6 60. h5 Ra2 61. Qc8+ Qf8 62. Qg4 Rb2 63. Qf3 f5 64. Qd5+ Kh7 65. Qe6 Rb1 66. Qd5 Qb4 67. Qxf5+ Kh8 68. Be4 1-0

[Event "SRB Central-ch op-B 7th"]
[Site "Paracin"]
[Date "2014.07.05"]
[Round "3"]
[White "Rasic, Jovan"]
[Black "Velikic, Vule"]
[Result "1-0"]
[WhiteElo "2072"]
[BlackElo "1784"]
[PlyCount "41"]
[EventDate "2014.07.04"]
[EventType "swiss"]
[EventRounds "9"]
[EventCountry "SRB"]
[SourceTitle "CBM 161 Extra"]
[Source "ChessBase"]
[SourceDate "2014.08.29"]
[SourceVersion "1"]
[SourceVersionDate "2014.08.29"]
[SourceQuality "1"]

1. e4 e6 2. d4 d5 3. e5 c5 4. c3 Nc6 5. Nf3 Qb6 6. Bd3 cxd4 7. cxd4 Nh6 8. Nc3 Nf5 9. Bxf5 exf5 10. Nxd5 Qa5+ 11. Nc3 Bb4 12. 0-0 Bxc3 13. bxc3 Qxc3 14. Be3 0-0 15. Rc1 Qa5 16. d5 Rd8 17. Rc5 Qxa2 18. dxc6 Rxd1 19. Rxd1 Be6 20. cxb7 Rb8 21. Rc8+ 1-0

[Event "SRB Central-ch op-B 6th"]
[Site "Paracin"]
[Date "2013.07.08"]
[Round "4"]
[White "Brankovan, Mario"]
[Black "Velikic, Vule"]
[Result "1-0"]
[WhiteElo "1938"]
[BlackElo "1798"]
[PlyCount "119"]
[EventDate "2013.07.05"]
[EventType "swiss"]
[EventRounds "9"]
[EventCountry "SRB"]
[SourceTitle "CBM 155 Extra"]
[Source "ChessBase"]
[SourceDate "2013.08.26"]
[SourceVersion "1"]
[SourceVersionDate "2013.08.26"]
[SourceQuality "1"]

1. c4 c5 2. Nc3 Nc6 3. Nf3 Nf6 4. b3 g6 5. Bb2 Bg7 6. g3 0-0 7. Bg2 d6 8. 0-0 Rb8 9. d4 cxd4 10. Nxd4 Bd7 11. Nc2 Qc8 12. Re1 Bh3 13. Bh1 Nd7 14. Rb1 Nb6 15. Nd5 Qd8 16. Bxg7 Kxg7 17. Qd2 Bf5 18. e4 Be6 19. Rbd1 Nd7 20. Qc3+ f6 21. Nde3 Rc8 22. Bg2 Qa5 23. Qb2 Nb4 24. Qc3 Nc6 25. Qa1 Qh5 26. Nd5 Rf7 27. Nf4 Qh6 28. Nxe6+ Kh8 29. Qc1 g5 30. Ned4 Nce5 31. Nf5 Qg6 32. Qd2 h5 33. Nce3 g4 34. Nh4 Qh7 35. Nef5 Rg8 36. Qh6 b6 37. Bf1 Ng6 38. Nxg6+ Rxg6 39. Qxh7+ Rxh7 40. b4 Ne5 41. Be2 h4 42. Nxh4 Rg8 43. a4 Kg7 44. c5 dxc5 45. bxc5 bxc5 46. Rc1 c4 47. Kg2 Rgh8 48. Bxc4 Nf3 49. Nxf3 gxf3+ 50. Kxf3 Rxh2 51. Be6 Rb8 52. Rc7 Rb2 53. Re2 Rb6 54. Bc4 Rb4 55. Rxe7+ Kg6 56. Rc7 Rxa4 57. Ra2 Rb4 58. Raxa7 Rh6 59. Rg7+ Kh5 60. Bf7+ 1-0

[Event "Jagodina op 6th"]
[Site "Jagodina"]
[Date "2013.03.16"]
[Round "9"]
[White "Velikic, Vule"]
[Black "Sosic, Nikola"]
[Result "0-1"]
[WhiteElo "1815"]
[BlackElo "1894"]
[PlyCount "102"]
[EventDate "2013.03.09"]
[EventType "swiss"]
[EventRounds "9"]
[EventCountry "SRB"]
[SourceTitle "CBM 153 Extra"]
[Source "ChessBase"]
[SourceDate "2013.04.22"]
[SourceVersion "1"]
[SourceVersionDate "2013.04.22"]
[SourceQuality "1"]

1. d4 Nf6 2. Nf3 e6 3. Bg5 Be7 4. e3 d5 5. Bd3 Nbd7 6. Nbd2 c6 7. Qe2 b6 8. c3 Bb7 9. e4 dxe4 10. Nxe4 Nxe4 11. Bxe7 Qxe7 12. Bxe4 Nf6 13. Bd3 0-0 14. 0-0 Rfd8 15. Rad1 a5 16. a4 Nd5 17. g3 Nf6 18. Rfe1 c5 19. Bb5 Qc7 20. Ne5 cxd4 21. cxd4 Rac8 22. f3 Nd5 23. Rc1 Qd6 24. Ba6 Bxa6 25. Qxa6 Rxc1 26. Rxc1 Nb4 27. Qc4 f6 28. Nc6 Nxc6 29. Qxc6 Qxd4+ 30. Kg2 e5 31. Qe6+ Kf8 32. Rc8 Rxc8 33. Qxc8+ Kf7 34. Qc7+ Kg6 35. Qc2+ Kh6 36. h4 Qe3 37. g4 g6 38. b3 Qf4 39. Qd3 Qd4 40. Qc2 Qe3 41. h5 gxh5 42. Qf5 Qg5 43. Qc8 hxg4 44. fxg4 e4 45. Kh3 Qe3+ 46. Kh4 Qg5+ 47. Kh3 Qe3+ 48. Kh4 Qf2+ 49. Kh3 Kg5 50. Qg8+ Kf4 51. Qb8+ Kf3 0-1

[Event "Jagodina op 6th"]
[Site "Jagodina"]
[Date "2013.03.10"]
[Round "3"]
[White "Ivic, Matija"]
[Black "Velikic, Vule"]
[Result "1-0"]
[WhiteElo "1908"]
[BlackElo "1815"]
[PlyCount "89"]
[EventDate "2013.03.09"]
[EventType "swiss"]
[EventRounds "9"]
[EventCountry "SRB"]
[SourceTitle "CBM 153 Extra"]
[Source "ChessBase"]
[SourceDate "2013.04.22"]
[SourceVersion "1"]
[SourceVersionDate "2013.04.22"]
[SourceQuality "1"]

1. c4 Nf6 2. g3 d6 3. Bg2 g6 4. Nf3 Bg7 5. 0-0 0-0 6. Nc3 Nc6 7. d3 e5 8. Rb1 a5 9. a3 Bd7 10. b4 axb4 11. axb4 Qc8 12. Re1 Re8 13. b5 Ne7 14. Qb3 b6 15. c5 Be6 16. Qb2 bxc5 17. Ng5 Rb8 18. Nxe6 Qxe6 19. Qa3 Nfd5 20. Ne4 h6 21. Nd2 Qd7 22. Qb3 Nb6 23. Qa2 d5 24. Qc2 Qd6 25. Ba3 Nd7 26. Rec1 Ra8 27. Bxc5 Nxc5 28. Qxc5 Ra2 29. Qxc7 Qa3 30. Qd7 Rb8 31. Rc7 Bf8 32. Nf1 Rb2 33. Rxb2 Qxb2 34. Bxd5 Rxb5 35. Ne3 Qa1+ 36. Kg2 Qa5 37. Bc4 Qa8+ 38. f3 Ra5 39. Qd6 Nd5 40. Qd7 Ne7 41. Ng4 Kg7 42. Qd6 Qe8 43. Qf6+ Kg8 44. Nxh6+ Kh7 45. Nxf7 1-0

[Event "Paracin-ch"]
[Site "Paracin"]
[Date "2013.01.20"]
[Round "9"]
[White "Mirkovic, Dejan"]
[Black "Velikic, Vule"]
[Result "0-1"]
[WhiteElo "1925"]
[BlackElo "1807"]
[PlyCount "90"]
[EventDate "2013.01.11"]
[EventType "swiss"]
[EventRounds "9"]
[EventCountry "SRB"]
[SourceTitle "EXT 2019"]
[Source "ChessBase"]
[SourceDate "2018.10.10"]
[SourceVersion "1"]
[SourceVersionDate "2018.10.10"]
[SourceQuality "1"]

1. d4 Nf6 2. c4 d6 3. Nc3 Nc6 4. Bg5 e5 5. d5 Nd4 6. e3 Nf5 7. g4 Ne7 8. Bxf6 gxf6 9. Bd3 f5 10. gxf5 Nxf5 11. Nge2 Nh4 12. Ng3 Be7 13. Qh5 Ng2+ 14. Kd2 Nh4 15. f4 Bh3 16. fxe5 dxe5 17. Be4 Qd6 18. Nf5 Qg6 19. Qxg6 hxg6 20. Nxh4 Rxh4 21. Rhg1 Bb4 22. Bd3 0-0-0 23. a3 Be7 24. Rae1 Bg4 25. Be2 Bxe2 26. Rxe2 Rxc4 27. Rf2 Rf8 28. Rgf1 f5 29. e4 f4 30. Rf3 c6 31. dxc6 bxc6 32. Kd3 Rd4+ 33. Kc2 Rh8 34. R1f2 Rh6 35. b4 a6 36. Rd3 Rd8 37. Rxd8+ Bxd8 38. Na4 Rh3 39. Kb2 Re3 40. Nc5 Bb6 41. Rg2 Bxc5 42. bxc5 f3 43. Rxg6 Rxe4 44. Rf6 Rf4 45. Rxc6+ Kb7 0-1

[Event "Paracin-ch"]
[Site "Paracin"]
[Date "2013.01.13"]
[Round "5"]
[White "Zivanovic, Miroslav"]
[Black "Velikic, Vule"]
[Result "1-0"]
[WhiteElo "2033"]
[BlackElo "1807"]
[PlyCount "103"]
[EventDate "2013.01.11"]
[EventType "swiss"]
[EventRounds "9"]
[EventCountry "SRB"]
[SourceTitle "EXT 2019"]
[Source "ChessBase"]
[SourceDate "2018.10.10"]
[SourceVersion "1"]
[SourceVersionDate "2018.10.10"]
[SourceQuality "1"]

1. e4 e5 2. Bc4 Nf6 3. Nf3 Nc6 4. Ng5 d5 5. exd5 Nxd5 6. d4 Be7 7. dxe5 Bxg5 8. Bxd5 Bxc1 9. Bxc6+ bxc6 10. Qxc1 Ba6 11. Qd2 0-0 12. Qxd8 Raxd8 13. Nd2 Rfe8 14. Nf3 f6 15. Rd1 Rd5 16. b3 fxe5 17. c4 Rd6 18. 0-0 Bc8 19. Rxd6 cxd6 20. Rd1 Re6 21. Ng5 Rg6 22. Ne4 Bh3 23. g3 Bg4 24. Rxd6 Rxd6 25. Nxd6 Kf8 26. Kf1 Ke7 27. Ne4 h6 28. Ke1 Bf3 29. Nd2 Bg4 30. f3 Bf5 31. Ne4 Kd7 32. Kd2 Kc7 33. Kc3 Bh3 34. Nd2 Bf5 35. g4 Bg6 36. Ne4 a5 37. a3 Kb6 38. b4 h5 39. h3 hxg4 40. hxg4 Bh7 41. Nc5 axb4+ 42. axb4 Ka7 43. Ne6 e4 44. fxe4 Bxe4 45. Nxg7 Kb6 46. Kd4 Bf3 47. g5 Bg4 48. Ne8 Bh5 49. Nf6 Bf7 50. Nd7+ Kc7 51. Ne5 Bg8 52. Kc5 1-0

[Event "Paracin-ch"]
[Site "Paracin"]
[Date "2013.01.12"]
[Round "2"]
[White "Velikic, Vule"]
[Black "Stefanovic, Vladimir"]
[Result "0-1"]
[WhiteElo "1807"]
[BlackElo "2160"]
[PlyCount "104"]
[EventDate "2013.01.11"]
[EventType "swiss"]
[EventRounds "9"]
[EventCountry "SRB"]
[SourceTitle "EXT 2019"]
[Source "ChessBase"]
[SourceDate "2018.10.10"]
[SourceVersion "1"]
[SourceVersionDate "2018.10.10"]
[SourceQuality "1"]

1. d4 Nf6 2. Nf3 g6 3. c4 Bg7 4. g3 0-0 5. Bg2 c5 6. 0-0 cxd4 7. Nxd4 Nc6 8. Nc3 d6 9. Nxc6 bxc6 10. Bxc6 Rb8 11. Qa4 Bb7 12. Bxb7 Rxb7 13. Bd2 Rxb2 14. Rad1 Qd7 15. Qxd7 Nxd7 16. Nd5 Re8 17. a4 Ne5 18. Bg5 f6 19. Be3 Nxc4 20. Bxa7 Rxe2 21. Rfe1 Rxe1+ 22. Rxe1 e6 23. Bd4 Kf7 24. Nb6 Nd2 25. Re3 e5 26. Bc3 Rb8 27. a5 Nb3 28. Bb4 Nd4 29. Bxd6 Rb7 30. Kf1 Nc6 31. Nc4 Rb1+ 32. Kg2 Rc1 33. Nb6 Nxa5 34. Ra3 Nc6 35. Ra4 Ke6 36. Ba3 Rc2 37. Rc4 Rxc4 38. Nxc4 f5 39. f3 Bf6 40. h3 Bd8 41. g4 Kd5 42. Nd2 Kd4 43. Nf1 Bh4 44. Bc1 Kd3 45. gxf5 gxf5 46. Be3 Ke2 47. f4 e4 48. Bc5 Nd8 49. Ne3 Bf2 50. Be7 Bxe3 51. Bxd8 Bxf4 52. Bh4 Be5 0-1

[Event "SRB-chT2 East CS"]
[Site "Serbia"]
[Date "2012.09.15"]
[Round "2.56"]
[White "Jovanovic, Boban"]
[Black "Velikic, Vule"]
[Result "1-0"]
[WhiteElo "2174"]
[BlackElo "1807"]
[PlyCount "97"]
[EventDate "2012.09.14"]
[EventType "team"]
[EventRounds "9"]
[EventCountry "SRB"]
[SourceTitle "EXT 2015"]
[Source "ChessBase"]
[SourceDate "2014.11.20"]
[SourceVersion "1"]
[SourceVersionDate "2014.11.20"]
[SourceQuality "1"]

1. Nf3 Nf6 2. c4 d6 3. d4 g6 4. Nc3 Bg7 5. e4 0-0 6. h3 e5 7. dxe5 dxe5 8. Qxd8 Rxd8 9. Bg5 Re8 10. 0-0-0 Nc6 11. Be3 a6 12. Nd5 Nxd5 13. exd5 Nd8 14. c5 Bf8 15. Bc4 h6 16. Nd2 Kg7 17. Rhe1 f6 18. f3 Nf7 19. Ne4 Bd7 20. Nc3 Rac8 21. a4 Red8 22. b4 Be8 23. Kb2 Rb8 24. Kb3 h5 25. g4 h4 26. Ne4 g5 27. Nc3 Nh8 28. Rd2 Ng6 29. Ne2 Bf7 30. Red1 Rbc8 31. c6 bxc6 32. dxc6 Bxc4+ 33. Kxc4 Rxd2 34. Rxd2 Bd6 35. b5 axb5+ 36. axb5 Ra8 37. Rxd6 cxd6 38. b6 Ne7 39. b7 Rb8 40. Kb5 Nd5 41. Ba7 Nc7+ 42. Ka5 Re8 43. b8Q Rxb8 44. Bxb8 Ne6 45. Bxd6 Kf7 46. c7 Nxc7 47. Bxc7 Ke6 48. Nc3 f5 49. Bd8 1-0

[Event "SRB-chT2 East CS"]
[Site "Serbia"]
[Date "2012.09.15"]
[Round "3.56"]
[White "Velikic, Vule"]
[Black "Njegic, Vladimir"]
[Result "1/2-1/2"]
[WhiteElo "1807"]
[BlackElo "2103"]
[PlyCount "77"]
[EventDate "2012.09.14"]
[EventType "team"]
[EventRounds "9"]
[EventCountry "SRB"]
[SourceTitle "EXT 2015"]
[Source "ChessBase"]
[SourceDate "2014.11.20"]
[SourceVersion "1"]
[SourceVersionDate "2014.11.20"]
[SourceQuality "1"]

1. d4 Nf6 2. Nf3 e6 3. Bg5 Be7 4. e3 d5 5. Nbd2 Nbd7 6. Bd3 0-0 7. 0-0 c5 8. c4 b6 9. Rc1 Bb7 10. Qe2 Ne4 11. Bxe7 Qxe7 12. cxd5 exd5 13. Ba6 Rab8 14. Bxb7 Rxb7 15. Qa6 Rc7 16. Qa3 Rfc8 17. Rc2 h6 18. Rfc1 Qe6 19. dxc5 bxc5 20. Nd4 Qb6 21. Nf5 Ndf6 22. Nb3 g6 23. Nh4 c4 24. Nd4 Rc5 25. b4 cxb3 26. axb3 Rxc2 27. Rxc2 Rxc2 28. Nxc2 Qb5 29. Nd4 Qd3 30. Qc1 Nd2 31. b4 Nfe4 32. Nxg6 Nc3 33. Nf4 Qa6 34. f3 Ndb1 35. Kf2 Qc4 36. Qc2 Qxb4 37. Nf5 Qc4 38. Ke1 Kf8 39. Nxh6 1/2-1/2

[Event "SRB Central-ch op-B 5th"]
[Site "Paracin"]
[Date "2012.07.13"]
[Round "9"]
[White "Djuretanovic, Ivan"]
[Black "Velikic, Vule"]
[Result "1-0"]
[WhiteElo "2051"]
[BlackElo "1816"]
[PlyCount "107"]
[EventDate "2012.07.06"]
[EventType "swiss"]
[EventRounds "9"]
[EventCountry "SRB"]
[SourceTitle "CBM 149 Extra"]
[Source "ChessBase"]
[SourceDate "2012.08.24"]
[SourceVersion "1"]
[SourceVersionDate "2012.08.24"]
[SourceQuality "1"]

1. e4 e5 2. f4 exf4 3. Nf3 d5 4. e5 g5 5. d4 Bg7 6. Bd3 Nc6 7. 0-0 Nb4 8. Nxg5 Nxd3 9. Nxf7 Kxf7 10. Qh5+ Kf8 11. cxd3 Nh6 12. Bxf4 Nf5 13. g4 Qh4 14. Qxh4 Nxh4 15. Bg3+ Ke8 16. Bxh4 Bxg4 17. Nc3 c6 18. Rf4 Be6 19. Raf1 Kd7 20. Bf6 Rhg8 21. Kh1 Bxf6 22. Rxf6 Ke7 23. Ne2 Raf8 24. Rxf8 Rxf8 25. Rxf8 Kxf8 26. Kg2 Bf5 27. Nf4 Kf7 28. b4 Bg4 29. Kg3 Bd1 30. Kh4 h6 31. Kg3 b6 32. Kf2 Bg4 33. Ke3 a6 34. h3 Bf5 35. Kf3 Kg7 36. Kg3 Bd7 37. a3 Bf5 38. Kh4 Bd7 39. Nh5+ Kg6 40. Nf4+ Kg7 41. e6 Be8 42. Kg4 Kf6 43. h4 c5 44. bxc5 b5 45. Nxd5+ Kxe6 46. Nc7+ Kd7 47. Nxa6 Bg6 48. Nb4 Ke6 49. Kf4 Bh7 50. d5+ Kf6 51. c6 Bf5 52. d6 Bh3 53. d7 Ke7 54. Ke5 1-0

[Event "Paracin-ch"]
[Site "Paracin"]
[Date "2012.01.28"]
[Round "8"]
[White "Vebel, Goran"]
[Black "Velikic, Vule"]
[Result "1-0"]
[WhiteElo "2123"]
[BlackElo "1828"]
[PlyCount "71"]
[EventDate "2012.01.20"]
[EventType "swiss"]
[EventRounds "9"]
[EventCountry "SRB"]
[SourceTitle "CBM 146 Extra"]
[Source "ChessBase"]
[SourceDate "2012.02.29"]
[SourceVersion "1"]
[SourceVersionDate "2012.02.29"]
[SourceQuality "1"]

1. d4 Nf6 2. c4 e6 3. Nc3 Bb4 4. a3 Bxc3+ 5. bxc3 0-0 6. f3 d5 7. cxd5 exd5 8. e3 b6 9. Bd3 Ba6 10. Bxa6 Nxa6 11. Ne2 c5 12. 0-0 Nc7 13. Ng3 Re8 14. Qd3 Qd7 15. a4 Re6 16. a5 c4 17. Qc2 b5 18. e4 h6 19. e5 Nh7 20. f4 Na6 21. f5 Rc6 22. f6 b4 23. Nf5 gxf6 24. cxb4 Nxb4 25. Qd2 Kh8 26. Qxb4 fxe5 27. Nxh6 Rf8 28. dxe5 Rg6 29. Qc3 d4 30. Qxc4 Qh3 31. Qd5 Qc3 32. Bf4 Ng5 33. Bxg5 Rxg5 34. Nxf7+ Rxf7 35. Qxf7 Rg7 36. Qh5+ 1-0

[Event "Paracin-ch"]
[Site "Paracin"]
[Date "2012.01.22"]
[Round "4"]
[White "Velikic, Vule"]
[Black "Novoselski, Zoran"]
[Result "0-1"]
[WhiteElo "1828"]
[BlackElo "2389"]
[PlyCount "82"]
[EventDate "2012.01.20"]
[EventType "swiss"]
[EventRounds "9"]
[EventCountry "SRB"]
[SourceTitle "CBM 146 Extra"]
[Source "ChessBase"]
[SourceDate "2012.02.29"]
[SourceVersion "1"]
[SourceVersionDate "2012.02.29"]
[SourceQuality "1"]

1. d4 Nf6 2. Nf3 c5 3. d5 e6 4. Nc3 d6 5. e4 a6 6. a4 Be7 7. Bd3 exd5 8. exd5 Bg4 9. h3 Bh5 10. Bf4 0-0 11. 0-0 Nbd7 12. Re1 Re8 13. Re3 Bf8 14. Qe2 Qb6 15. g4 Rxe3 16. Qxe3 Re8 17. Qd2 Bg6 18. Bxg6 hxg6 19. a5 Qc7 20. Ng5 Ne5 21. b3 Nfd7 22. Kg2 Be7 23. Nge4 f6 24. f3 Bd8 25. Ne2 Nf8 26. Ra4 Qd7 27. Bg3 Nf7 28. Nf4 f5 29. Nf2 Bf6 30. N2d3 Bd4 31. Bf2 Bxf2 32. Kxf2 Qe7 33. Ng2 Qf6 34. c3 Nd7 35. Ndf4 Nde5 36. Ne6 g5 37. Ne3 fxg4 38. f4 gxh3 39. Kg3 gxf4+ 40. Rxf4 Qg6+ 41. Kh2 Ng5 0-1